Andráskó István kiállítása Esztergomban

Bibliographic Details
Main Author: Csicsay, Alajos, 1938- (Author)
Format: Article
Language:Hungarian
PhysicalDescription:Fotogr.
ISSN:1336-1678
1335-6631
Subjects:

MARC

LEADER 00000nab a2200000 ar4500
001 vtls010107445
003 SK-MaSNL
005 20260318122240.0
008 100621c2010 xo |||||||| 000 b|hun
015 |a SNBRB2010/06  |2 snkbucl 
038 |a SNKBUCL 
040 |a DSZK  |b slo  |c DSZK  |e AACR2 
041 0 |a hun 
044 |a xo  |c SK 
080 |a 75.071.1  |2 2001 
080 |a 061.4  |2 2001 
100 1 |a Csicsay, Alajos,  |d 1938-  |4 aut  |9 201144 
245 1 0 |a Andráskó István kiállítása Esztergomban  |c Csicsay Alajos 
300 |b Fotogr. 
600 1 7 |a Andráskó, István,  |d 1930-  |2 snkbucl  |9 1569120 
648 7 |a 2010  |2 snkbucl  |9 324355 
650 0 7 |a maliari  |2 SNKPH  |9 3150 
650 0 7 |a výstavy  |2 SNKPH  |9 2780 
651 7 |a Ostrihom (Maďarsko)  |2 SNKPHgeo  |9 21449 
773 0 |t Atelier  |g Évf. XIII, sz. 2 (2010), o. 40  |x 1336-1678 
773 0 |t Szabad újság  |g Évf. XVIII, sz. 23 (2010), o.  |x 1335-6631 
852 |a SNK  |b KIS3GCP 
852 |a DSZK  |b KIS3GCP 
958 |a HU 
958 |a BC 
999 |c 3198593  |d 3200523